00299nam a2200121Ia 45000030006000000080041000060400015000471000019000622450033000812600034001145460012001480050017001600STCL150530s9999 xx 000 0 und d aSTCLcSTCL aMichael Kidron aForeign investments in India bOxford University pressc1965 aEnglish20220125165455.0